000 00474nam a2200157Ia 4500
003 GCL
008 140319s9999 xx 000 0 ara d
040 _aGCL /
_cGCL
082 0 4 _a415
_bط ا
100 1 _aطاهر سليمان حمودة
245 1 0 _aابن قيم الجوزية: جهودة فى الدرس اللغوى /
_cطاهر سليمان حمودة
490 _a
650 0 4 _aاللغة العربية
650 0 4 _aالنحو العربى
942 _2ddc
_cBK
999 _c38762
_d38762